000 00623nam a2200169 a 4500
001 000043088
005 20201002040629.0
008 140218s2009 enka 000 0 spa d
020 _a9781906626723
040 _aDO-SdBNP
_bspa
_cBNPHU
082 _axxx
_bxxx
245 0 0 _aTanks and armored fighting vehicles :
_bvisual encyclopedia.
260 _aLondon :
_bAmber Books,
_c2009.
300 _a448 p. :
_bil., ;
_c29 cm.
500 _aMore than 1000 color illustrations
505 0 _aIntroduction --
_tWorld War I --
_tInterwar --
_tWorld War II --
_tPostwar --
_tCold War --
_tLate Cold War --
_tThe modern era
_tGlosary --
_tIdex --
999 _c42577
_d42577